[Event "Open Semana Santa 2023"]
[Site "?"]
[Date "2023.04.05"]
[Round "1.96"]
[White "Jaime Galeano, Alcher"]
[Black "FM Moral Garcia, Serafin"]
[Result "0-1"]
[WhiteElo "1672"]
[BlackElo "2258"]
[PlyCount "94"]

1. e4 e5 2. Nf3 Nc6 3. Nc3 Nf6 4. d4 exd4 5. Nxd4 Bb4 6. Nxc6 bxc6 7. Bd3 d5 8.
exd5 O-O 9. O-O cxd5 10. Bg5 c6 11. Qf3 Be7 12. Rfe1 Be6 13. Ne2 h6 14. Bf4 Qd7
15. h3 c5 16. c3 Rfe8 17. Rad1 Qb7 18. Bc1 Ne4 19. Ng3 Nxg3 20. Qxg3 Bf6 21.
Bxh6 Qxb2 22. Re2 Qxc3 23. Re3 Qb2 24. Re2 Qb8 25. Bf4 Qb6 26. Rb1 Qd8 27. Bc7
Bh4 28. Qf4 Qf6 29. Qd6 c4 30. Bc2 Qe7 31. Qe5 Bf6 32. Qg3 Qd7 33. Rb4 Rec8 34.
Bd6 Rc6 35. Ba4 Qxd6 36. Bxc6 Qxc6 37. Rb8+ Rxb8 38. Qxb8+ Kh7 39. Qxa7 c3 40.
Qe3 d4 41. Qd3+ g6 42. Re1 Bf5 43. Qd1 d3 44. f4 c2 45. Qc1 Bc3 46. Qa3 Bxe1
47. Qe7 Qe6 0-1

[Event "Open Semana Santa 2023"]
[Site "?"]
[Date "2023.04.05"]
[Round "1.98"]
[White "Abreu Sanchez, Leonel Jesus"]
[Black "FM Garcia Molina, Jose"]
[Result "0-1"]
[WhiteElo "1667"]
[BlackElo "2251"]
[PlyCount "104"]
[EventDate "2023.??.??"]

1. d4 Nf6 2. Nf3 g6 3. c4 Bg7 4. Nc3 O-O 5. e4 d6 6. h3 e5 7. dxe5 dxe5 8. Qxd8
Rxd8 9. Bg5 c6 10. Rd1 Re8 11. Bd3 Nbd7 12. O-O Nh5 13. Be3 Nf8 14. c5 Nf4 15.
Bc4 N8e6 16. Kh2 Nc7 17. Ng5 Nfe6 18. Nf3 Rb8 19. a3 h6 20. Rd2 f5 21. g3 Kh7
22. exf5 gxf5 23. Ne2 Bf6 24. h4 Re7 25. Rfd1 b5 26. cxb6 axb6 27. Rd6 c5 28.
b4 Bg7 29. h5 Bf6 30. Rg1 Ne8 31. Rdd1 Nd4 32. Nh4 b5 33. Bxd4 cxd4 34. Ba2 Rc7
35. Rc1 Rbb7 36. Bb1 Nd6 37. f3 Be6 38. Ng6 Kg7 39. g4 fxg4 40. fxg4 e4 41.
Nef4 Bf7 42. Rc5 d3 43. Nxd3 exd3 44. Bxd3 Bd4 45. Rgc1 Bxc5 46. bxc5 Nc4 47.
Be4 Ra7 48. c6 Bxg6 49. hxg6 Rxa3 50. Rf1 Ne5 51. Rf5 Nxg4+ 52. Kg1 Ra1+ 0-1

[Event "Open Semana Santa 2023"]
[Site "?"]
[Date "2023.04.05"]
[Round "1.99"]
[White "Munoz Avila, Jose Luis"]
[Black "Mendez Gimenez, Nestor Emmanuel"]
[Result "1-0"]
[WhiteElo "2237"]
[BlackElo "1657"]
[PlyCount "53"]

1. d4 Nf6 2. Nf3 g6 3. c4 Bg7 4. Nc3 O-O 5. e4 d6 6. h3 e5 7. d5 a5 8. Bg5 Na6
9. a3 Nc5 10. b4 axb4 11. axb4 Rxa1 12. Qxa1 Na6 13. Qa3 c6 14. Be2 Qb6 15. b5
cxb5 16. cxb5 Nc5 17. Nd2 Nfd7 18. Nc4 Qc7 19. Be7 Nb6 20. Bxf8 Nxc4 21. Bxc4
Bxf8 22. O-O Bg7 23. Ra1 f5 24. b6 Qxb6 25. Qa8 Qc7 26. Nb5 Qd8 27. Na7 1-0

[Event "Open Semana Santa 2023"]
[Site "?"]
[Date "2023.04.05"]
[Round "1.101"]
[White "FM Lozano Ramirez, Nestor Favian"]
[Black "Sanchez Pablo, Jorge"]
[Result "1-0"]
[WhiteElo "2235"]
[BlackElo "1654"]
[PlyCount "119"]
[EventDate "2023.??.??"]

1. c4 Nf6 2. g3 e6 3. Bg2 d5 4. Nf3 Be7 5. O-O O-O 6. b3 Nbd7 7. Bb2 Re8 8. Nc3
c5 9. e3 a6 10. cxd5 exd5 11. d4 b5 12. Ne5 Bb7 13. Nxd7 Qxd7 14. dxc5 Bxc5 15.
Rc1 Bb6 16. Ne2 Ne4 17. Bd4 Qd6 18. Nf4 Rad8 19. Rc2 Re7 20. Qa1 Bxd4 21. Qxd4
Qf6 22. Bxe4 Rxe4 23. Qxf6 gxf6 24. Rc7 Bc8 25. Nh5 Re5 26. Nf4 Bf5 27. Rd1 Rd6
28. Rd4 Kg7 29. Rc5 Be4 30. Kf1 Bb1 31. a3 Ba2 32. Rc3 a5 33. Nd3 Re4 34. Nc1
Rxd4 35. exd4 b4 36. axb4 axb4 37. Rc5 Bb1 38. Ke2 Bf5 39. f3 Bd7 40. Nd3 Rb6
41. Kd2 h5 42. h4 Kh6 43. Nf4 Be6 44. Nxd5 Rd6 45. Nxb4 Bxb3 46. d5 f5 47. Rc6
Rxc6 48. dxc6 Kg6 49. c7 Be6 50. Nd5 Bxd5 51. c8=Q Bxf3 52. Ke3 Bg4 53. Qg8+
Kf6 54. Kf4 Ke6 55. Qe8+ Kf6 56. Qc6+ Kg7 57. Kg5 Kh7 58. Qh6+ Kg8 59. Kf6 Bd1
60. Qg7# 1-0

[Event "Open Semana Santa 2023"]
[Site "?"]
[Date "2023.04.05"]
[Round "1.102"]
[White "Chernyshov, Georgii"]
[Black "IM Kovacevic, Slobodan"]
[Result "0-1"]
[WhiteElo "1652"]
[BlackElo "2226"]
[Annotator "Usuario"]
[PlyCount "32"]

1. Nf3 c5 2. g3 b6 3. Bg2 Bb7 4. O-O Nf6 5. c4 e6 6. Nc3 a6 7. b3 d6 8. Bb2
Nbd7 9. d4 cxd4 10. Qxd4 Rc8 11. e4 Qc7 12. Rfe1 Be7 13. e5 dxe5 14. Nxe5 $11
Bc5 15. Qf4 Nxe5 16. Qxe5 $11 Bxf2+ 0-1

[Event "Open Semana Santa 2023"]
[Site "?"]
[Date "2023.04.05"]
[Round "1.103"]
[White "WFM Prado Acebo, Ines"]
[Black "Cesar Maestre, Eduardo"]
[Result "1/2-1/2"]
[WhiteElo "2226"]
[BlackElo "1649"]
[PlyCount "108"]

1. d4 d5 2. c4 e6 3. Nc3 c6 4. e3 Nf6 5. Nf3 Nbd7 6. Qc2 Bd6 7. b3 O-O 8. Bb2
c5 9. cxd5 exd5 10. dxc5 Nxc5 11. Nd4 a6 12. Be2 b5 13. a3 Bb7 14. O-O Rc8 15.
Qf5 Nfe4 16. Nxe4 dxe4 17. Rfd1 Qe7 18. Qh3 Bb8 19. a4 b4 20. Rd2 Rfd8 21. Rad1
Qg5 22. Kh1 Rd6 23. Nf5 Rxd2 24. Rxd2 Nd3 25. Bxd3 exd3 26. f4 Bxf4 27. exf4
Qxf4 28. Qxd3 Re8 29. Rd1 Qf2 30. Nh6+ gxh6 31. Qg3+ Qxg3 32. hxg3 Bxg2+ 33.
Kg1 Bc6 34. Rd6 Re6 35. Rd8+ Be8 36. Bd4 f5 37. Rb8 Kf7 38. Rxb4 Bc6 39. Rb8
Bd5 40. b4 Re8 41. Rb6 Re6 42. Rb8 Re8 43. Rxe8 Kxe8 44. b5 axb5 45. axb5 Kf7
46. Kf2 Ke6 47. Ke3 Kd7 48. Kf4 Bf7 49. Kxf5 Bg6+ 50. Ke5 h5 51. Kd5 Kc7 52.
Ke6 Kb7 53. Kd7 Bd3 54. b6 Bg6 1/2-1/2

[Event "Open Semana Santa 2023"]
[Site "?"]
[Date "2023.04.05"]
[Round "1.104"]
[White "Zaldivar, Gustavo"]
[Black "CM Uribe, Jhonny Alberto"]
[Result "0-1"]
[WhiteElo "1645"]
[BlackElo "2223"]
[PlyCount "120"]

1. d4 Nf6 2. Bf4 b6 3. e3 Bb7 4. h3 g6 5. Nf3 Bg7 6. Be2 d6 7. O-O O-O 8. c4
Nbd7 9. Nc3 a6 10. Rb1 Qe8 11. Qc2 e5 12. dxe5 dxe5 13. Bh2 e4 14. Nd2 Rc8 15.
Rfd1 Qe6 16. b4 Rfe8 17. Nb3 Ne5 18. c5 b5 19. Nd4 Qe7 20. a4 bxa4 21. Qxa4 Ra8
22. c6 Bc8 23. b5 Qc5 24. Rbc1 Qa7 25. Ra1 a5 26. Nb3 Nd3 27. Bxd3 exd3 28.
Rxd3 Bf5 29. Rd2 Ne4 30. Nxe4 Bxa1 31. Qxa1 Rxe4 32. Nd4 Bc8 33. Bf4 Rxf4 34.
exf4 Qc5 35. Nb3 Qe7 36. Qd1 Be6 37. Nd4 Bc4 38. Nf3 a4 39. Rd7 Qf6 40. Rxc7 a3
41. Ne5 Qxf4 42. Qa1 a2 43. Rd7 Be6 44. Rd1 Qa4 45. b6 Qxd1+ 46. Qxd1 a1=Q 47.
Qxa1 Rxa1+ 48. Kh2 Bc8 49. b7 Bxb7 50. cxb7 Rb1 51. f3 Rxb7 52. Ng4 Kg7 53. Nf2
Kf6 54. Ng4+ Ke6 55. Kg3 f5 56. Nf2 Rd7 57. h4 Ke5 58. Nh3 Rd4 59. Ng5 h6 60.
Nf7+ Kf6 0-1

[Event "Open Semana Santa 2023"]
[Site "?"]
[Date "2023.04.05"]
[Round "1.105"]
[White "FM Martin Barcelo, Carles"]
[Black "Molina Molina, Carlos Javier"]
[Result "1-0"]
[WhiteElo "2222"]
[BlackElo "1635"]
[Annotator "Usuario"]
[PlyCount "195"]
[EventDate "2023.??.??"]

1. e4 e5 2. Nf3 Nc6 3. Bb5 a6 4. Ba4 Nf6 5. O-O Be7 6. d3 b5 7. Bb3 d6 8. a3
O-O 9. Nc3 Be6 10. Nd5 Qd7 11. Re1 Rab8 12. c3 Na5 13. Ba2 c5 14. h3 Nc6 15. a4
b4 16. Bc4 Qc8 17. Nxf6+ Bxf6 18. Bxe6 Qxe6 19. c4 Qe7 20. Be3 a5 21. b3 Nd8
22. g3 Ne6 23. h4 Qd8 24. Ra2 Be7 25. Nh2 Rb7 26. Bc1 Nd4 $11 27. Bb2 Ne6 28.
Ng4 Kh8 29. Ne3 g6 30. f4 Nd4 31. Nd5 Bf6 32. Bxd4 cxd4 33. f5 g5 34. hxg5 Bxg5
35. Rh2 f6 36. Kf2 Rg7 37. Qf3 Rff7 38. Reh1 Qg8 39. Rh5 Qd8 40. R1h3 Rd7 41.
Qh1 Rdf7 42. Ke2 Rd7 43. Qf3 Qg8 44. Rh2 Qd8 45. Kf1 Rdf7 46. Rc2 Qf8 47. Rhh2
Rb7 48. Qh5 Rb8 49. Rh3 Rbb7 50. Kf2 Rb8 51. Ke1 Rbb7 52. Rch2 Qd8 53. Qf3 Qf8
54. Qh1 Qd8 55. Rc2 Qf8 56. Kf2 Rb8 57. Qd1 Rbb7 58. Qh5 Rb8 59. Qf3 Rbb7 60.
Ke1 Rb8 61. Rch2 Qd8 62. Qh5 Rbb7 63. Kd1 Rbf7 64. Kc2 Rb7 65. Kb2 Qf8 66. Qf3
Qd8 67. Rh5 Qf8 68. Rc2 Rb8 69. Rh1 Rc8 70. Qf2 Qd8 71. Rh5 Qf8 72. Qh2 Rb8 73.
Nf4 Bxf4 74. gxf4 Rbb7 75. Qh4 Rbc7 76. Rh6 Rgf7 77. Rg2 exf4 78. Qxf4 Rg7 79.
Rgh2 Rg4 80. Qf2 Rcg7 81. Rg6 R4xg6 82. fxg6 Rxg6 83. Qxd4 Qg8 84. Rf2 Qd8 85.
c5 Kg8 86. cxd6 h5 87. d7 h4 88. e5 fxe5 89. Qd5+ Kh7 90. Qf7+ Kh6 91. Qf8+
Qxf8 92. Rxf8 Rd6 93. d8=Q Rxd8 94. Rxd8 Kg5 95. Rh8 Kg4 96. Kc2 Kg3 97. Kd2 h3
98. Ke3 1-0

[Event "Open Semana Santa 2023"]
[Site "?"]
[Date "2023.04.05"]
[Round "1.106"]
[White "Advaitt Srikant Koduri"]
[Black "FM Fernandez Siles, Luis"]
[Result "0-1"]
[WhiteElo "1630"]
[BlackElo "2222"]
[Annotator "Usuario"]
[PlyCount "139"]
[EventDate "2023.??.??"]

1. d4 Nf6 2. Nf3 d6 3. Bf4 Nbd7 4. h3 g6 5. e3 Bg7 6. Be2 O-O 7. O-O b6 8. c3
Bb7 9. a4 a5 10. Bh2 e6 11. Na3 Qe7 12. Nb5 Ne8 13. Nd2 c6 14. Na3 d5 15. Bd3
e5 16. Re1 f5 17. Bf1 Kh8 18. Nf3 e4 19. Nd2 Bh6 20. c4 f4 21. cxd5 cxd5 22.
Qb3 Qf6 23. Kh1 Ng7 24. Nb5 $11 Ne6 25. Rac1 Rfc8 26. Rxc8+ Rxc8 27. Na7 Ra8
28. Nb5 Bf8 29. Nc3 $11 Qf5 30. Ne2 Bb4 31. Nc3 Rf8 32. Rd1 Qg5 33. Ndxe4 Qh5
34. Be2 f3 35. Ng3 fxe2 36. Nxh5 exd1=Q+ 37. Qxd1 gxh5 38. Qxh5 Rxf2 39. Be5+
Kg8 40. Qg4+ Kf7 41. Kg1 Rxb2 42. Qf5+ Ke7 43. Qxh7+ Kd8 44. Qg8+ Ndf8 45. Nb5
Be7 46. Bd6 Ba6 47. Bxe7+ Kxe7 48. Nc3 Bc4 49. Qg4 $11 Rc2 50. Nd1 Bb3 51. Nf2
Bxa4 52. h4 Bb3 53. Nd3 a4 54. Nb4 Rc1+ 55. Kh2 a3 56. Qe2 Bc4 57. Qd2 Rb1 58.
h5 Rb2 59. Qc3 Rb3 60. Qd2 Ng5 61. Qe1 Rb2 62. Qg3 Nfe6 63. Nc6+ Kd7 64. Ne5+
Kc8 65. Nxc4 dxc4 66. d5 Nc5 67. Qxg5 Nd3 68. h6 a2 69. h7 a1=Q 70. h8=Q+ 0-1

[Event "Open Semana Santa 2023"]
[Site "?"]
[Date "2023.04.05"]
[Round "1.107"]
[White "CM Ribera Veganzones, Josep Maria"]
[Black "Rossello Sanchez, Bartolome"]
[Result "1-0"]
[WhiteElo "2221"]
[BlackElo "1629"]
[PlyCount "75"]
[EventDate "2023.??.??"]

1. e4 c5 2. Nf3 Nc6 3. d4 cxd4 4. Nxd4 Nf6 5. Nc3 e5 6. Ndb5 d6 7. Bg5 a6 8.
Na3 b5 9. Nd5 Be7 10. Bxf6 Bxf6 11. c3 Bg5 12. Nc2 Rb8 13. a4 bxa4 14. Ncb4
Nxb4 15. cxb4 O-O 16. Rxa4 Bh6 17. Bxa6 Qg5 18. O-O Bh3 19. Qf3 Be6 20. Bc4 Kh8
21. Qb3 Rfc8 22. Ra6 Rxc4 23. Qxc4 Bh3 24. Ne3 Qg6 25. Qc7 Rg8 26. Rxd6 f6 27.
Qc2 Bxe3 28. fxe3 h6 29. Rfd1 Bg4 30. Rf1 Qg5 31. Qd3 Kh7 32. Kh1 Qh5 33. Rc1
Ra8 34. Rd8 Ra7 35. b5 Be2 36. Qd5 Qg5 37. Qc5 Ra2 38. Rd2 1-0

[Event "Open Semana Santa 2023"]
[Site "?"]
[Date "2023.04.05"]
[Round "1.108"]
[White "Prochaieva, Tina"]
[Black "FM Hernandez Leon, Alberto"]
[Result "0-1"]
[WhiteElo "1627"]
[BlackElo "2218"]
[PlyCount "57"]

1. d4 c5 2. dxc5 e6 3. e3 Bxc5 4. a3 a5 5. c4 Nf6 6. Nc3 d5 7. Be2 O-O 8. cxd5
exd5 9. Nf3 Nc6 10. O-O Be6 11. Ng5 Bf5 12. Qb3 d4 13. Na4 Bd6 14. Rd1 Qe7 15.
Kh1 Ng4 16. Bxg4 Bxg4 17. f3 Qxg5 18. fxg4 Qh4 19. h3 Qg3 20. Kg1 Qh2+ 21. Kf1
Bg3 22. Qd5 d3 23. Rxd3 Qh1+ 24. Ke2 Qe1+ 25. Kf3 Qf2+ 26. Ke4 Rae8+ 27. Qe6
Qxg2+ 28. Kf5 fxe6+ 29. Kg5 0-1

[Event "Open Semana Santa 2023"]
[Site "?"]
[Date "2023.04.05"]
[Round "1.109"]
[White "Perea Fruet, Lorenzo"]
[Black "Andries, Leia"]
[Result "1-0"]
[WhiteElo "2217"]
[BlackElo "1627"]
[PlyCount "31"]

1. e4 c5 2. Nf3 e6 3. d4 cxd4 4. Nxd4 Nf6 5. Nc3 Nc6 6. Ndb5 Bc5 7. Bf4 O-O 8.
Bc7 Qe7 9. Bd6 Bxd6 10. Qxd6 Qd8 11. O-O-O Qb6 12. Qg3 a6 13. Nd6 Qc5 14. f4 b5
15. e5 Ne8 16. Nce4 1-0

[Event "Open Semana Santa 2023"]
[Site "?"]
[Date "2023.04.05"]
[Round "1.110"]
[White "Nechifor, David"]
[Black "FM Yurkovskiy, Ivan"]
[Result "0-1"]
[WhiteElo "1626"]
[BlackElo "2216"]
[PlyCount "90"]

1. d4 c5 2. e3 b6 3. Nf3 Bb7 4. Bd3 g6 5. b3 cxd4 6. exd4 Bg7 7. Bb2 Nf6 8. O-O
O-O 9. c4 d5 10. Nbd2 Ne4 11. Be2 f5 12. Rc1 e6 13. Ne5 Bh6 14. Nef3 Nc6 15.
Rb1 g5 16. Nxe4 dxe4 17. Ne1 g4 18. Nc2 Qh4 19. Qe1 Ne7 20. f3 Qxe1 21. Rbxe1
gxf3 22. gxf3 Kf7 23. f4 Ng6 24. Bh5 Rg8 25. Bc1 Kf6 26. Bxg6 Rxg6+ 27. Kf2
Rag8 28. Rg1 Rg4 29. h3 e3+ 30. Nxe3 Rxf4+ 31. Ke2 Rd8 32. Rgf1 Re4 33. Kf2 Kf7
34. Bb2 Rg8 35. d5 Bf8 36. dxe6+ Kxe6 37. Nc2 Bc5+ 38. Bd4 Be7 39. Rxe4+ Bxe4
40. Ne3 f4 41. Ng4 h5 42. Ne5 Kf5 43. a3 Rd8 44. Rd1 Rxd4 45. Rxd4 Bc5 0-1

[Event "Open Semana Santa 2023"]
[Site "?"]
[Date "2023.04.05"]
[Round "1.111"]
[White "WIM Sharma Isha"]
[Black "Ferrete Rueda, Juan Carlos"]
[Result "1-0"]
[WhiteElo "2216"]
[BlackElo "1620"]
[PlyCount "57"]

1. e4 c6 2. d4 d5 3. e5 Bf5 4. h4 h5 5. Bd3 Bxd3 6. Qxd3 e6 7. Nf3 Qb6 8. c4
dxc4 9. Qxc4 Qb4+ 10. Qxb4 Bxb4+ 11. Bd2 Na6 12. a3 Be7 13. Nc3 Nh6 14. O-O-O
Nf5 15. Ne4 c5 16. Bg5 Nxd4 17. Nxd4 cxd4 18. Rxd4 Bxg5+ 19. hxg5 Rc8+ 20. Kb1
Ke7 21. Nd6 Rc5 22. Re1 b5 23. b4 Rc6 24. Nxb5 Ra8 25. Red1 Nb8 26. Kb2 a5 27.
Rd8 axb4 28. axb4 Rb6 29. Nc7 1-0

[Event "Open Semana Santa 2023"]
[Site "?"]
[Date "2023.04.05"]
[Round "1.112"]
[White "Kiryttopoulos, Ioannis"]
[Black "CM Aymerich Verdaguer, Eduard"]
[Result "1-0"]
[WhiteElo "1620"]
[BlackElo "2215"]
[PlyCount "161"]
[EventDate "2023.??.??"]

1. e4 c5 2. Nf3 e6 3. d4 cxd4 4. Nxd4 Nc6 5. Nc3 Qc7 6. Be3 a6 7. Be2 Nf6 8. a3
Be7 9. O-O O-O 10. Kh1 d6 11. f4 Re8 12. Bf3 Nxd4 13. Bxd4 e5 14. Be3 Be6 15.
f5 Bc4 16. Rg1 d5 17. exd5 Rad8 18. Qd2 e4 19. Nxe4 Nxe4 20. Bxe4 Qe5 21. Qd4
Qxd4 22. Bxd4 Bxd5 23. Bxd5 Rxd5 24. c3 Rxf5 25. Rge1 Kf8 26. b4 f6 27. Re6 Rd8
28. Rae1 Bd6 29. Bb6 Rd7 30. Rd1 Bc7 31. Rxd7 Bxb6 32. Rd1 Bc7 33. g3 Kf7 34.
Re2 Be5 35. Rd7+ Kg6 36. Rxb7 Rf1+ 37. Kg2 Ra1 38. c4 Rxa3 39. Rc2 f5 40. c5
Rd3 41. c6 Rd8 42. c7 Rc8 43. Rb6+ Kg5 44. Rc5 Bxc7 45. Rbc6 Rb8 46. Rxc7 Rxb4
47. Rxg7+ Kh6 48. Ra7 Kg6 49. Rxa6+ Kg5 50. Raa5 h5 51. Rxf5+ Kg6 52. Rfc5 Rb6
53. Rxh5 Kg7 54. Rhb5 Rc6 55. Ra7+ Kg6 56. Rab7 Rc8 57. R7b6+ Kf7 58. Ra5 Rc7
59. Ra8 Kg7 60. Rab8 Rc3 61. R8b7+ Kg8 62. Ra6 Rc8 63. Raa7 Rd8 64. Rg7+ Kh8
65. Rg4 Rd2+ 66. Kf3 Rd3+ 67. Kf4 Rd4+ 68. Kf5 Rd5+ 69. Kg6 Rd6+ 70. Kh5 Rh6+
71. Kg5 Rh5+ 72. Kg6 Rh6+ 73. Kf7 Rf6+ 74. Ke8 Rf8+ 75. Ke7 Re8+ 76. Kd6 Re6+
77. Kc5 Rc6+ 78. Kb4 Rb6+ 79. Ka4 Rb1 80. Ka5 Ra1+ 81. Ra4 1-0

[Event "Open Semana Santa 2023"]
[Site "?"]
[Date "2023.04.05"]
[Round "1.113"]
[White "Bermejo Martinez, Jorge"]
[Black "Borisova Douchkova, Vanesa"]
[Result "1-0"]
[WhiteElo "2215"]
[BlackElo "1617"]
[PlyCount "65"]

1. d4 Nf6 2. c4 e6 3. Nc3 Bb4 4. e3 O-O 5. Bd3 d5 6. a3 Bxc3+ 7. bxc3 c5 8. Ne2
Nc6 9. cxd5 exd5 10. Ng3 h6 11. O-O Re8 12. f3 a6 13. Re1 b5 14. a4 b4 15. cxb4
cxb4 16. Bb2 Qb6 17. Rc1 Bd7 18. Kh1 Ne7 19. e4 Ng6 20. e5 Nf4 21. Bf5 Bxf5 22.
Nxf5 Nd7 23. Nd6 Re6 24. g3 Ng6 25. f4 Rxd6 26. exd6 Qxd6 27. a5 Ne7 28. Qc2
Rc8 29. Qe2 Rxc1 30. Rxc1 Nf6 31. Qe5 Ne4 32. Rc7 Nf5 33. Rc8+ 1-0

[Event "Open Semana Santa 2023"]
[Site "?"]
[Date "2023.04.05"]
[Round "1.115"]
[White "FM Garcia Gimenez, Santiago"]
[Black "Herrera Pezo, Enoch"]
[Result "1-0"]
[WhiteElo "2210"]
[BlackElo "1603"]
[PlyCount "113"]

1. e4 c5 2. Nf3 d6 3. Nc3 Nc6 4. d4 cxd4 5. Nxd4 Nf6 6. Be2 g6 7. Be3 Bg7 8.
O-O O-O 9. Nb3 Bd7 10. h3 Rc8 11. Qd2 a6 12. a4 Na5 13. Nxa5 Qxa5 14. Ra3 Be6
15. Rd1 Qb4 16. Nd5 Nxd5 17. exd5 Qxd2 18. Rxd2 Bxb2 19. Rb3 Bc1 20. dxe6 Bxd2
21. exf7+ Rxf7 22. Bxd2 Rxc2 23. Rd3 Kf8 24. a5 Ke8 25. Bf3 Rb2 26. Be3 Rf5 27.
Bb6 Rxb6 28. axb6 Rb5 29. Bxb7 Rxb6 30. Bc8 Rc6 31. Be6 Rc5 32. f4 Kd8 33. g4
g5 34. f5 h6 35. Kf2 Kc7 36. Ke3 Kc6 37. Kd4 Kc7 38. Rc3 Rxc3 39. Kxc3 Kc6 40.
Kd4 Kc7 41. Bf7 Kd8 42. Bc4 Kd7 43. Bxa6 e6 44. fxe6+ Kxe6 45. Bc4+ Ke7 46. Ke4
Kf6 47. Bd5 Kg6 48. Be6 Kf6 49. Kd5 Ke7 50. Bf5 Kf6 51. Kxd6 h5 52. Bc8 hxg4
53. hxg4 Kf7 54. Ke5 Kg6 55. Ba6 Kg7 56. Kf5 Kh6 57. Kf6 1-0

[Event "Open Semana Santa 2023"]
[Site "?"]
[Date "2023.04.05"]
[Round "1.116"]
[White "Callealta, Andres"]
[Black "CM Molina Carretero, Daniel"]
[Result "1-0"]
[WhiteElo "1601"]
[BlackElo "2209"]
[Annotator "Usuario"]
[PlyCount "61"]

1. e4 c5 2. Nf3 d6 3. c3 Nf6 4. h3 g6 5. Bd3 Bg7 6. Bc2 Nc6 7. O-O O-O 8. d4 e5
9. Re1 exd4 10. cxd4 cxd4 11. Nxd4 Nxd4 12. Qxd4 Re8 13. Qd1 Be6 14. Nc3 Nd7
15. Qxd6 Qa5 16. Bf4 Rac8 17. Bb3 Nc5 18. Qd2 Red8 19. Qe3 Bd4 20. Qf3 Nd3 21.
Rf1 Nxb2 22. Nd5 Rd7 23. Be3 Be5 24. Nf6+ Bxf6 25. Qxf6 Qc3 $11 26. e5 Nd3 27.
Rac1 Qxc1 28. Rxc1 Rxc1+ 29. Kh2 Nxf2 30. Bxc1 Rd1 31. Bxd1 1-0

[Event "Open Semana Santa 2023"]
[Site "?"]
[Date "2023.04.05"]
[Round "1.117"]
[White "Revaliente Montoya, Ciro"]
[Black "Kratz, Jonathan"]
[Result "1-0"]
[WhiteElo "2203"]
[BlackElo "1600"]
[PlyCount "71"]

1. e4 c6 2. Nf3 d5 3. d3 dxe4 4. dxe4 Qxd1+ 5. Kxd1 Nf6 6. Nbd2 g6 7. Ne1 Bg7
8. f3 Be6 9. Bc4 Bxc4 10. Nxc4 Na6 11. Be3 Nc7 12. Nd3 Nd7 13. c3 a6 14. Kc2
O-O-O 15. Rhd1 Ne6 16. a4 h5 17. Bf2 h4 18. b4 Rh5 19. g4 hxg3 20. Bxg3 Rdh8
21. Ndb2 Rxh2+ 22. Bxh2 Rxh2+ 23. Rd2 Rh3 24. Rad1 Nf6 25. Nb6+ Kc7 26. N2c4
Rxf3 27. e5 Nd5 28. Nxd5+ cxd5 29. Rxd5 Rf2+ 30. Kb3 Bh6 31. Rd7+ Kc8 32. Nb6+
Kb8 33. a5 Bg5 34. Rd8+ Nxd8 35. Rxd8+ Kc7 36. Rc8# 1-0

[Event "Open Semana Santa 2023"]
[Site "?"]
[Date "2023.04.05"]
[Round "1.118"]
[White "Galiana Fernandez, Hector"]
[Black "Kocharin, Timur"]
[Result "0-1"]
[WhiteElo "1599"]
[BlackElo "2203"]
[PlyCount "56"]

1. e4 c5 2. Nf3 d6 3. Bb5+ Nd7 4. c4 a6 5. Ba4 e5 6. Nc3 g6 7. O-O Bg7 8. d3
Ne7 9. Bg5 h6 10. Be3 f5 11. g3 O-O 12. Qc1 fxe4 13. Ne1 exd3 14. Bxh6 b5 15.
cxb5 Nb6 16. Nxd3 Nxa4 17. Nxa4 axb5 18. Nc3 c4 19. Nb4 d5 20. Bxg7 Kxg7 21.
Qe1 Qd6 22. Nxb5 Qb8 23. Nd4 Bh3 24. Nbc6 Nxc6 25. Nxc6 Qd6 26. Nxe5 Bxf1 27.
Kxf1 Rae8 28. f4 Qxe5 0-1

[Event "Open Semana Santa 2023"]
[Site "?"]
[Date "2023.04.05"]
[Round "1.119"]
[White "FM Bettalli, Francesco"]
[Black "Roche Fraile, Carlos"]
[Result "1-0"]
[WhiteElo "2200"]
[BlackElo "1953"]
[PlyCount "109"]

1. e4 e5 2. Nf3 Nf6 3. Nc3 Bb4 4. Nxe5 Bxc3 5. dxc3 d6 6. Nd3 Nxe4 7. Be2 O-O
8. O-O Bf5 9. Re1 d5 10. Nf4 c6 11. c4 dxc4 12. Bxc4 Qxd1 13. Rxd1 Nf6 14. c3
Nbd7 15. h3 Nb6 16. Bb3 Rad8 17. Be3 h6 18. a4 Nc8 19. Bd4 Ne8 20. g4 Bh7 21.
a5 Kh8 22. Re1 Ned6 23. Rad1 Nb5 24. Bc5 Nbd6 25. Bxd6 Rxd6 26. Rxd6 Nxd6 27.
Re7 Ne4 28. Bc2 Nc5 29. Bxh7 Kxh7 30. b4 Na4 31. Ne2 b6 32. Rxa7 bxa5 33. Rxa5
Re8 34. Kf1 Nb2 35. Rc5 Re6 36. Nd4 Re4 37. Rxc6 Nd3 38. b5 Rf4 39. Ke2 Ne5 40.
Ke3 g5 41. Rc5 Nd7 42. Rf5 Rxf5 43. Nxf5 Kg6 44. Kd4 h5 45. c4 hxg4 46. hxg4
Kf6 47. c5 Ke6 48. c6 Nb6 49. Kc5 Na4+ 50. Kb4 Nb6 51. Ka5 Nc8 52. b6 Nd6 53.
Nxd6 Kxd6 54. b7 Kc7 55. Ka6 1-0

[Event "Open Semana Santa 2023"]
[Site "?"]
[Date "2023.04.05"]
[Round "1.120"]
[White "Planelles Ortega, Emilio"]
[Black "CM Balague Camps, Marc"]
[Result "0-1"]
[WhiteElo "1592"]
[BlackElo "2197"]
[PlyCount "33"]

1. d4 Nf6 2. Bf4 c5 3. e3 Nd5 4. Bxb8 Rxb8 5. dxc5 e6 6. Bc4 Nxe3 7. Qe2 Nxg2+
8. Kd1 Qf6 9. Nc3 Bxc5 10. f3 Ne3+ 11. Kc1 Qf4 12. Nh3 Qxc4 13. Qxc4 Nxc4 14.
Re1 f5 15. Nd1 b5 16. b3 Ba3+ 17. Nb2 0-1

[Event "Open Semana Santa 2023"]
[Site "?"]
[Date "2023.04.05"]
[Round "1.121"]
[White "CM Ribera Veganzones, Serni"]
[Black "Segarra Victorio, Israel"]
[Result "1-0"]
[WhiteElo "2195"]
[BlackElo "1586"]
[PlyCount "109"]

1. Nf3 Nf6 2. c4 c5 3. Nc3 Nc6 4. d4 cxd4 5. Nxd4 Nxd4 6. Qxd4 g6 7. g3 Bg7 8.
Bg2 O-O 9. O-O d6 10. Qd2 Qc7 11. b3 Bd7 12. Bb2 Rac8 13. Rac1 Qb6 14. h3 Rc7
15. Kh2 Rfc8 16. f4 Qa5 17. Bf3 Bc6 18. Rcd1 Bxf3 19. Rxf3 a6 20. g4 Rd7 21. g5
Ne8 22. Nd5 Qxd2 23. Rxd2 Rc6 24. Bxg7 Kxg7 25. e4 e6 26. Nb4 Rc5 27. Rfd3 f6
28. h4 h5 29. Nc2 fxg5 30. hxg5 Rf7 31. Rf3 Rxg5 32. Nd4 Rg4 33. Nxe6+ Kf6 34.
Ng5 Re7 35. Nh3 g5 36. Nxg5 Kg6 37. Rd4 Kh6 38. Rd5 Rh4+ 39. Kg3 Rh1 40. Rf2
Rg7 41. Rh2 Re1 42. Kf2 Ra1 43. Ke3 Re1+ 44. Kd2 Ra1 45. Kc3 Rf1 46. Rh4 Rf2
47. a4 Rg6 48. Kb4 b6 49. Nh3 Rf3 50. Rdxh5+ Kg7 51. Rh7+ Kf6 52. Ng5 a5+ 53.
Ka3 Rxg5 54. fxg5+ Kxg5 55. Rh3 1-0

[Event "Open Semana Santa 2023"]
[Site "?"]
[Date "2023.04.05"]
[Round "1.122"]
[White "Soliva Ruiz, Ramon"]
[Black "Salvador Buiza, Victor"]
[Result "0-1"]
[WhiteElo "1582"]
[BlackElo "2195"]
[PlyCount "84"]

1. c4 Nf6 2. Nc3 e6 3. d3 c5 4. g3 Nc6 5. Bg2 Be7 6. e4 O-O 7. Nge2 d6 8. O-O
a6 9. h3 Rb8 10. f4 Qc7 11. Be3 b5 12. b3 Rd8 13. g4 b4 14. Na4 Bb7 15. Ng3 Nd4
16. g5 Nd7 17. h4 f6 18. Bh3 Nf8 19. Rc1 Qd7 20. Rf2 g6 21. Bxd4 cxd4 22. Rfc2
Bc6 23. Nb2 f5 24. Bg2 Rbc8 25. Qe2 Re8 26. Qf2 Qa7 27. Re2 Qc5 28. Rce1 Bd8
29. exf5 Bxg2 30. Qxg2 gxf5 31. Nh5 Qa7 32. Nf6+ Bxf6 33. gxf6+ Kh8 34. Kh2 Qf7
35. Qg5 Ng6 36. h5 Nxf4 37. Qxf4 Qxh5+ 38. Kg1 Rg8+ 39. Rg2 Rxg2+ 40. Kxg2 Rg8+
41. Kf2 e5 42. Qf3 Qh2+ 0-1

[Event "Open Semana Santa 2023"]
[Site "?"]
[Date "2023.04.05"]
[Round "1.123"]
[White "FM Buenafe Moya, Javier"]
[Black "Kondrashov, Ivan V"]
[Result "1-0"]
[WhiteElo "2188"]
[BlackElo "1582"]
[PlyCount "93"]
[EventDate "2023.??.??"]

1. c4 d6 2. Nc3 g6 3. g3 Bg7 4. Bg2 e5 5. e3 Ne7 6. Nge2 O-O 7. O-O f5 8. d4 c6
9. b4 Be6 10. d5 cxd5 11. Nxd5 e4 12. Rb1 Nbc6 13. Nef4 Bf7 14. f3 exf3 15.
Bxf3 Ne5 16. Be2 Rc8 17. Qb3 Nxd5 18. cxd5 Re8 19. Bb2 a6 20. a4 Rb8 21. Bd4 b5
22. a5 Rc8 23. Rbc1 Qd7 24. Bb6 Rxc1 25. Rxc1 Rc8 26. Rc2 Qb7 27. Rxc8+ Qxc8
28. Bd4 Qc1+ 29. Kg2 Qd2 30. Qc3 Qxc3 31. Bxc3 Bh6 32. Kf2 Nd7 33. e4 Bxf4 34.
gxf4 fxe4 35. Bg4 Nb8 36. Bc8 Bxd5 37. Ke3 Kf7 38. h4 h5 39. Kd4 Ba8 40. Ke3
Bd5 41. Bd4 Ke7 42. Bb6 Nc6 43. Bxa6 Bc4 44. Bb7 Nxb4 45. Kxe4 Kd7 46. a6 Nd5
47. Bxd5 1-0